<?xml version="1.0" encoding="UTF-8"?>
<record
    xmlns:xsi="http://www.w3.org/2001/XMLSchema-instance"
    xsi:schemaLocation="http://www.loc.gov/MARC21/slim http://www.loc.gov/standards/marcxml/schema/MARC21slim.xsd"
    xmlns="http://www.loc.gov/MARC21/slim">

  <leader>00938    a2200217   4500</leader>
  <datafield tag="952" ind1=" " ind2=" ">
    <subfield code="0">0</subfield>
    <subfield code="1">0</subfield>
    <subfield code="4">0</subfield>
    <subfield code="7">0</subfield>
    <subfield code="8">NFIC</subfield>
    <subfield code="a">CCL</subfield>
    <subfield code="b">CCL</subfield>
    <subfield code="c">GEN</subfield>
    <subfield code="d">2021-03-16</subfield>
    <subfield code="l">0</subfield>
    <subfield code="o">PL8002 LIN 2003</subfield>
    <subfield code="p">G21925</subfield>
    <subfield code="r">2021-03-16 00:00:00</subfield>
    <subfield code="t">c-1</subfield>
    <subfield code="w">2021-03-16</subfield>
    <subfield code="y">BK</subfield>
  </datafield>
  <datafield tag="952" ind1=" " ind2=" ">
    <subfield code="0">0</subfield>
    <subfield code="1">0</subfield>
    <subfield code="4">0</subfield>
    <subfield code="7">0</subfield>
    <subfield code="8">NFIC</subfield>
    <subfield code="a">CCL</subfield>
    <subfield code="b">CCL</subfield>
    <subfield code="c">GEN</subfield>
    <subfield code="d">2021-03-16</subfield>
    <subfield code="l">0</subfield>
    <subfield code="o">PL8002 LIN 2003</subfield>
    <subfield code="p">G21931</subfield>
    <subfield code="r">2021-03-16 00:00:00</subfield>
    <subfield code="t">c-2</subfield>
    <subfield code="w">2021-03-16</subfield>
    <subfield code="y">BK</subfield>
  </datafield>
  <datafield tag="952" ind1=" " ind2=" ">
    <subfield code="0">0</subfield>
    <subfield code="1">0</subfield>
    <subfield code="4">0</subfield>
    <subfield code="7">0</subfield>
    <subfield code="8">NFIC</subfield>
    <subfield code="a">MCL</subfield>
    <subfield code="b">MCL</subfield>
    <subfield code="c">GEN</subfield>
    <subfield code="d">2005-05-20</subfield>
    <subfield code="i">4047</subfield>
    <subfield code="l">1</subfield>
    <subfield code="o">PL8002 MUG 2003</subfield>
    <subfield code="p">G21918</subfield>
    <subfield code="r">2022-09-08 00:00:00</subfield>
    <subfield code="s">2022-08-30</subfield>
    <subfield code="t">c.3</subfield>
    <subfield code="w">2021-05-20</subfield>
    <subfield code="y">BK</subfield>
  </datafield>
  <datafield tag="999" ind1=" " ind2=" ">
    <subfield code="c">4460</subfield>
    <subfield code="d">4460</subfield>
  </datafield>
  <datafield tag="020" ind1=" " ind2=" ">
    <subfield code="a">1592211550 (pbk.)</subfield>
  </datafield>
  <datafield tag="020" ind1=" " ind2=" ">
    <subfield code="a">1592211542</subfield>
  </datafield>
  <datafield tag="050" ind1="0" ind2="0">
    <subfield code="a">PL8002 LIN 2003</subfield>
  </datafield>
  <datafield tag="100" ind1=" " ind2=" ">
    <subfield code="a">Mugane, John M.</subfield>
    <subfield code="e">editor</subfield>
  </datafield>
  <datafield tag="245" ind1="1" ind2="0">
    <subfield code="a">Linguistic typology and representation of African languages /</subfield>
    <subfield code="c">edited by John Mugane.</subfield>
  </datafield>
  <datafield tag="264" ind1=" " ind2=" ">
    <subfield code="a">Trenton</subfield>
    <subfield code="b">Africa World Press</subfield>
    <subfield code="c">2003</subfield>
  </datafield>
  <datafield tag="300" ind1=" " ind2=" ">
    <subfield code="a">x, 335 p. :</subfield>
    <subfield code="b">ill., maps ;</subfield>
  </datafield>
  <datafield tag="440" ind1=" " ind2="0">
    <subfield code="a">Trends in African linguistics ;</subfield>
  </datafield>
  <datafield tag="500" ind1=" " ind2=" ">
    <subfield code="a">"Selection of the papers presented at the 33rd Annual Conference on African Linguistics (ACAL) held in Athens, Ohio on March 21-23, 2002 under the sponsorship of the Ohio University, Athens"--Pref.</subfield>
  </datafield>
  <datafield tag="504" ind1=" " ind2=" ">
    <subfield code="a">Includes bibliographical references.</subfield>
  </datafield>
  <datafield tag="650" ind1=" " ind2="0">
    <subfield code="a">African languages</subfield>
  </datafield>
  <datafield tag="650" ind1=" " ind2="0">
    <subfield code="a">Typology (Linguistics)</subfield>
  </datafield>
  <datafield tag="700" ind1="1" ind2=" ">
    <subfield code="a">Mugane, John M.</subfield>
  </datafield>
  <datafield tag="942" ind1=" " ind2=" ">
    <subfield code="2">lcc</subfield>
    <subfield code="c">BK</subfield>
    <subfield code="h">8002</subfield>
    <subfield code="i">LIN</subfield>
    <subfield code="k">PL</subfield>
  </datafield>
</record>
